UBT Library

THE STRATEGIC PERSPECTIVE IN THE CLASSROOM (Record no. 31148)

000 -LEADER
fixed length control field 00309nam a22001337a 4500
008 - FIXED-LENGTH DATA ELEMENTS--GENERAL INFORMATION
fixed length control field 171002b xxu||||| |||| 00| 0 eng d
020 ## - INTERNATIONAL STANDARD BOOK NUMBER
International Standard Book Number 1568025130
041 ## - LANGUAGE CODE
Language code of text/sound track or separate title eng
080 ## - UNIVERSAL DECIMAL CLASSIFICATION NUMBER
Universal Decimal Classification number 37
100 ## - Rafti
Rafti 47
101 ## - Shkurtesa
Shkurtesa EDU
245 ## - TITLE STATEMENT
Title THE STRATEGIC PERSPECTIVE IN THE CLASSROOM
Statement of responsibility, etc BENNETT,D.S
942 ## - ADDED ENTRY ELEMENTS (KOHA)
Source of classification or shelving scheme
Item type Books
Holdings
Withdrawn status Lost status Source of classification or shelving scheme Damaged status Not for loan Collection code Permanent location Current location Shelving location Date acquired Total Checkouts Full call number Barcode Date last seen Price effective from Koha item type
          Koleksioni i përgjithshem UBT - Lipjan UBT - Lipjan Koleksioni i përgjithshem 10/02/2017   37 BEN 002-2928035 10/02/2017 10/02/2017 Books
UBT Library © 2015-2024. All rights reserved University Education for Business and Technology